00541nam a2200181 a 45000010010000000030011000100080041000210350026000620820014000881000019001022450023001212600061001446500017002059420012002229520090002349980020003249990015003440000-9359ELIB.Books110520 1990  a(ELIB.Books)0000-9511 a232 bGre aGreen, Michael aWho is this Jesus? bNashville: A Division Of Thomas Nelson Publishers c1990 aJesus Christ 2ddccBK 00102ddc4070aKBTSbKBTSd2011-05-20l0p8236r2022-01-22 00:00:00w2022-01-22yBK cbate2011-05-20 c9359d9359